000 00420nam a2200157Ia 4500
008 230711s9999||||xx |||||||||||||| ||und||
041 _aENG
082 _a621.3
_bBU-I
100 _aBureau of Indian Standard
245 0 _aSI : 2026 Pt I
_bSpecification for power transformer
250 _a1st
260 _c1977
_aNew Delhi
_bBureau of Indian Standard
300 _a39
650 _aElectrical Engineering
942 _cBK
999 _c1585
_d1585